Gli omosessuali

Gespeichert in:
Bibliographische Detailangaben
1. Verfasser: de Larocque Gonzague
Format: Buch
Sprache:Nichtbestimmte Sprache
Veröffentlicht: Roma Armando 2006
Tags: Tag hinzufügen
Keine Tags, Fügen Sie das erste Tag hinzu!

MARC

LEADER 00000nam a2200000Ia 4500
001 870
003 NUMERAZIONE-ORIGINALE-BRESCIA
005 20260206230754.0
008 260206s9999 xx 000 0 und d
100 |a de Larocque Gonzague 
245 0 |a Gli omosessuali 
260 |a Roma 
260 |b Armando 
260 |c 2006 
500 |a Luoghi comuni 
942 |2 ddc  |c BK  |n 0 
952 |0 0  |1 0  |2 ddc  |4 0  |6 26  |7 0  |9 28688  |a BS  |b BS  |d 2026-02-06  |i 870  |l 0  |o 2-6-*  |r 2026-02-06 22:40:40  |w 2026-02-06  |x [REVISIONARE]  |y BK 
999 |c 24344  |d 24344